U.S. Free States On A Map - Statistics

General Stats
  • This quiz has been taken 89 times
  • The average score is 18 of 19
Answers on the Map
Answers color-coded by a green-red scale on the quiz's map according to % correct below.
 
Answer Stats
State % Correct
Michigan
98%
Illinois
97%
Maine
97%
New Jersey
97%
New York
97%
Ohio
97%
Wisconsin
97%
Connecticut
95%
Indiana
95%
Pennsylvania
95%
Rhode Island
95%
Vermont
95%
Massachusetts
93%
New Hampshire
93%
Minnesota
92%
California
90%
Iowa
90%
Oregon
88%
Kansas
83%
No matching quizzes found
Score Distribution
Percent of People with Each Score
Percentile by Number Answered
Your Score History
You have not taken this quiz